| 000 | 00382nam a2200121Ia 4500 | ||
|---|---|---|---|
| 999 |
_c15823 _d15823 |
||
| 082 | _aRI.0019 | ||
| 245 | 0 | _aIntegrated rural energy plan for Nanded block | |
| 260 |
_c0 _bMaharashtra Energy Development Agency, Bombay |
||
| 300 | _a136p. | ||
| 650 | _aINTEGRATED RURAL ENERGY PLAN - KARNATAKA - NANDED | ||
| 710 | _aProgressive Research Aids Private Limited, Pune | ||
| 942 |
_cRP _2ddc |
||